| 000 | 00751nas a2200241 4500 | ||
|---|---|---|---|
| 001 | BR6008610 | ||
| 003 | BR-BrBNA | ||
| 005 | 20231205082110.0 | ||
| 007 | ta | ||
| 008 | 230509b bl.|||p| |||| 00| 00por d | ||
| 040 |
_aBR-BrBNA _bpor _cBiblioteca Nacional de Agricultura |
||
| 041 | _a(Pt) | ||
| 072 | _aE70 | ||
| 100 | 1 | _aClarke, J.G. | |
| 245 | 1 | _aDesenvolvimento de produtos e teste de mercado de frutas tropicais enlatadas para exportacao | |
| 650 | _aENLATADO | ||
| 650 | _aFRUTA TROPICAL | ||
| 650 | _aEXPORTACAO | ||
| 650 | _aMERCADO | ||
| 773 | 0 |
_tBoletim do Instituto de Tecnologia de Alimentos (Brazil) _xISSN 0366-0281 _g(Jun 1972), (no. 30) p. 49-66 _wBR6008610 |
|
| 909 |
_a202311 _bLúcia _c55 _dLúcia Elande |
||
| 942 |
_2AGRIS _n0 _cANA |
||
| 999 |
_c89149 _d89149 |
||